00634cam a22001931 450000100060000000300080000600500170001400800410003103500190007204000320009104100080012308200200013110000270015124500770017826000480025530000430030350000670034665000270041316355BD-RjUL20211209000011.0140213s1949 nyuac 001 0 eng d a(BD-RjUL)16410 aDLCcDLCdDLCdBD-RjULbeng aeng00a792.8bAMB 19491 aAmberg, George,d1901-10aBallet in America :bthe emergence of an American art /c George Amberg, aNew York :bDuell, Sloan and Pearce,cc1949 axx, 244 p. :billus., ports. ;c23 cm. aAlso published by the New American Library with title: Ballet. 0aBalletzUnited States.